UBT Library

Miller-Keane Encyclopedia & dictionary of medicine, nursing & allied health. (Record no. 40520)

000 -LEADER
fixed length control field 00809cam a2200241 a 4500
001 - CONTROL NUMBER
control field 4496997
005 - DATE AND TIME OF LATEST TRANSACTION
control field 20180119033440.0
008 - FIXED-LENGTH DATA ELEMENTS--GENERAL INFORMATION
fixed length control field 970514s1997 paua d 000 0 eng
010 ## - LIBRARY OF CONGRESS CONTROL NUMBER
LC control number 97151513
020 ## - INTERNATIONAL STANDARD BOOK NUMBER
International Standard Book Number 0721662781
040 ## - CATALOGING SOURCE
Original cataloging agency DLC
Transcribing agency DLC
Modifying agency DLC
041 ## - LANGUAGE CODE
Language code of text/sound track or separate title eng
080 ## - UNIVERSAL DECIMAL CLASSIFICATION NUMBER
Universal Decimal Classification number 610.3 fra
082 00 - DEWEY DECIMAL CLASSIFICATION NUMBER
Classification number 610.3 fra
Edition number 21
100 1# - Rafti
Rafti 23
101 ## - Shkurtesa
Shkurtesa enc
240 10 - UNIFORM TITLE
Uniform title <a href="Encyclopedia & dictionary of medicine, nursing & allied health">Encyclopedia & dictionary of medicine, nursing & allied health</a>
245 10 - TITLE STATEMENT
Title Miller-Keane Encyclopedia & dictionary of medicine, nursing & allied health.
246 3# - VARYING FORM OF TITLE
Title proper/short title Encyclopedia and dictionary of medicine, nursing, and allied health
906 ## - LOCAL DATA ELEMENT F, LDF (RLIN)
a 7
b cbc
c orignew
d 2
e ncip
f 19
g y-gencatlg
942 ## - ADDED ENTRY ELEMENTS (KOHA)
Source of classification or shelving scheme
Item type Books
Holdings
Withdrawn status Lost status Source of classification or shelving scheme Damaged status Not for loan Collection code Permanent location Current location Shelving location Date acquired Total Checkouts Full call number Barcode Date last seen Price effective from Koha item type
          Koleksioni i përgjithshem UBT - Lipjan UBT - Lipjan Koleksioni i përgjithshem 01/19/2018   610.3 fra 002-2995876 01/19/2018 01/19/2018 Books
UBT Library © 2015-2024. All rights reserved University Education for Business and Technology